000
00248nam a2200097 a 4500
005
20200930070844.0
008
110927s1908 000 spa d
245
0
_a
Congreso femenino internacional.
260
_a
Buenos Aires,
_c
1908.
999
_c
33684
_d
33684
040
_a
DO-SdBNP